| 000 | 00523nam a2200169Ia 4500 | ||
|---|---|---|---|
| 008 | 220216s9999 xx 000 0 und d | ||
| 100 | _aBorros S | ||
| 245 | 0 | _aSome contributions to the understanding of the accelerating system during natural rubber vulcanization.1.Behaviour of sulfenamide | |
| 260 |
_bKautschuk Gummi Kunststoffe _c2000 |
||
| 300 | _a131-135 | ||
| 650 | _aAccelerating system | ||
| 650 | _aNR vulcanization | ||
| 650 | _aSqualene | ||
| 650 | _aSulfenamide CBS | ||
| 700 | _aAgullo N | ||
| 942 | _cJS | ||
| 999 |
_c68953 _d68953 |
||